000 00633nam a2200217 a 4500
001 000012383
005 20200929163022.0
008 091111s1995 sp 000 f spa d
020 _a8420646628
040 _aDO-SdBNP
_bspa
_cBNPHU
082 _aA863.44
_bS113d
100 1 _aSábato, Ernesto,
_d1911-
_922674
245 1 3 _aEl dragón y la princesa /
_cErnesto Sábato.
260 _aMadrid :
_bAlianza,
_c1995.
300 _a94, [2] p. ;
_c15 cm.
490 1 _aAlianza cien
_v62
500 _aLibro de bolsillo
650 4 _aNovela argentina
_93941
650 4 _aLiteratura argentina
_93860
830 0 _aAlianza cien ;
_v62
_912832
999 _c12040
_d12040